Derecho penal. Parte general. Tomo II.
Guardat en:
| Autor principal: | |
|---|---|
| Format: | Llibre |
| Idioma: | espanyol |
| Publicat: |
Santiago, Chile:
Jurídica de Chile,
2005
|
| Edició: | Cuarta edición actualizada |
| Matèries: | |
| Etiquetes: |
Afegir etiqueta
Sense etiquetes, Sigues el primer a etiquetar aquest registre!
|
MARC
| LEADER | 00000nam a2200000 a 4500 | ||
|---|---|---|---|
| 001 | UCI3117 | ||
| 003 | CL-VaPUC | ||
| 005 | 20250507164836.0 | ||
| 008 | 071012e20050300CL |||||||||||||||||spa|d | ||
| 999 | |c 327509 |d 327507 | ||
| 020 | |a 9561015943 Obra completa | ||
| 020 | |a 9561016133 t.II | ||
| 040 | |c Pontificia Universidad Católica de Valparaíso | ||
| 082 | 0 | 4 | |a 345.02 GAR 2005 |b |2 21 |
| 100 | 1 | |a Garrido Montt, Mario |e autor |9 525675 | |
| 245 | 1 | 0 | |a Derecho penal. |b Parte general. Tomo II. |
| 250 | |a Cuarta edición actualizada | ||
| 260 | |a Santiago, Chile: |b Jurídica de Chile, |c 2005 | ||
| 300 | |a Tomo II; 478 páginas. | ||
| 505 | |a t.II: Parte general: Nociones fundamentales de la teoría del delito | ||
| 583 | |a last modification |c 20071012 00:00:00 |k Rodrigo Vera | ||
| 650 | 1 | |a Derecho penal chileno |9 889251 | |
| 650 | 1 | |a Teoría del delito |9 258906 | |
| 650 | 1 | |a Elementos del delito |9 889252 | |
| 650 | 1 | |a Acción penal |9 254970 | |
| 650 | 1 | |a Antijuridicidad |9 368501 | |
| 650 | 1 | |a Culpabilidad penal |9 460733 | |
| 650 | 1 | |a Delitos de omisión |9 889253 | |
| 650 | 1 | |a Concurso del delito |9 358121 | |
| 942 | |c BK |2 ddc | ||
| 945 | |d 20071012 00:00:00 |a jtorresc | ||
| 952 | |0 0 |1 0 |4 0 |6 345_020000000000000_GAR_2005 |7 0 |8 A |9 410381 |a BIBDER |b BIBDER |d 2019-11-22 |h t.II |i 4484541 |l 2 |o 345.02 GAR 2005 |p 4484541 |r 2025-04-25 |s 2025-04-23 |t 1 |w 2019-11-22 |y BK |k DER | ||
| 952 | |0 0 |1 0 |4 0 |6 345_020000000000000_GAR_2005 |7 0 |8 A |9 410382 |a BIBDER |b BIBDER |d 2019-11-22 |h t.II |i 4508548 |l 1 |m 1 |o 345.02 GAR 2005 |p 4508548 |r 2023-01-25 |s 2020-03-04 |t 2 |w 2019-11-22 |y BK |k DER | ||